<?xml version="1.0" encoding="UTF-8"?>
<collection xmlns="http://www.loc.gov/MARC21/slim">
 <record>
  <leader>01411nam a2200157Ia 4500</leader>
  <controlfield tag="001">CTU_18897</controlfield>
  <controlfield tag="008">210402s9999    xx            000 0 und d</controlfield>
  <datafield tag="082" ind1=" " ind2=" ">
   <subfield code="a">634.90959</subfield>
  </datafield>
  <datafield tag="082" ind1=" " ind2=" ">
   <subfield code="b">P713/No.7</subfield>
  </datafield>
  <datafield tag="245" ind1=" " ind2="0">
   <subfield code="a">Plant resources of South-East Asia: No.7 - Bamboos</subfield>
  </datafield>
  <datafield tag="260" ind1=" " ind2=" ">
   <subfield code="a">Leiden</subfield>
  </datafield>
  <datafield tag="260" ind1=" " ind2=" ">
   <subfield code="b">Backhuys</subfield>
  </datafield>
  <datafield tag="260" ind1=" " ind2=" ">
   <subfield code="c">1995</subfield>
  </datafield>
  <datafield tag="520" ind1=" " ind2=" ">
   <subfield code="a">This book deals with the bamboos of South-East Asia. For centuries bamboos have been of great importance in rural communities in tropical Asia, being used intensively as a sustainable resource for numerous purposes. Bamboos are often classified as minor or non-timber forest products and their value or potential value has been largely underestimated. In recent years the commercialization of bamboo exploitation for commodities such as bamboo shoots, bamboo boards, chopsticks, pulp for paper manufacture, and bamboo handicrafts, has caused an increase in the demand for the raw material. This necessitates sustainable management of natural stands and the establishment of bamboo plantations. Reliable and up-to-data information, however, is scarce. In this book, 45 major bamboo species are highlighted extensively and illustrated, and the characteristics of another 30 minor species are given in brief. The introduction deals with general aspects of bamboo and a glossary explains the terms used</subfield>
  </datafield>
  <datafield tag="650" ind1=" " ind2=" ">
   <subfield code="a">bamboos</subfield>
  </datafield>
  <datafield tag="980" ind1=" " ind2=" ">
   <subfield code="a">Trung tâm Học liệu Trường Đại học Cần Thơ</subfield>
  </datafield>
 </record>
</collection>
